<?xml version="1.0" encoding="UTF-8"?>
<record
    xmlns:xsi="http://www.w3.org/2001/XMLSchema-instance"
    xsi:schemaLocation="http://www.loc.gov/MARC21/slim http://www.loc.gov/standards/marcxml/schema/MARC21slim.xsd"
    xmlns="http://www.loc.gov/MARC21/slim">

  <leader>02883nam a22003137a 4500</leader>
  <datafield tag="999" ind1=" " ind2=" ">
    <subfield code="c">21891</subfield>
    <subfield code="d">21891</subfield>
  </datafield>
  <controlfield tag="003">AR-CdUCM</controlfield>
  <controlfield tag="008">190425b           ||||| |||| 00| 0 spa d</controlfield>
  <datafield tag="040" ind1=" " ind2=" ">
    <subfield code="a">MUNICIPALIDAD PROVINCIAL DEL CUSCO</subfield>
    <subfield code="c">BIBLIOTECA MUNICIPAL DEL CUSCO</subfield>
  </datafield>
  <datafield tag="082" ind1=" " ind2=" ">
    <subfield code="a">Rev.FD/N&#xB0;4/1965</subfield>
  </datafield>
  <datafield tag="110" ind1=" " ind2=" ">
    <subfield code="a">Universidad Nacional De San Antonio Abad del Cuzco</subfield>
    <subfield code="9">14483</subfield>
  </datafield>
  <datafield tag="245" ind1=" " ind2=" ">
    <subfield code="a">Revista de la Facultad de Derecho de la Universidad Nacional de San Antonio Abad del Cuzco /</subfield>
    <subfield code="c">Universidad Nacional de San Antonio Abad del Cuzco</subfield>
  </datafield>
  <datafield tag="260" ind1=" " ind2=" ">
    <subfield code="a">Cusco :</subfield>
    <subfield code="b">H.G. Rozas,</subfield>
    <subfield code="c">1965.</subfield>
  </datafield>
  <datafield tag="300" ind1=" " ind2=" ">
    <subfield code="a">166 p&#xE1;ginas. :</subfield>
    <subfield code="c">24 cm.</subfield>
  </datafield>
  <datafield tag="440" ind1=" " ind2=" ">
    <subfield code="a">Revista de la Facultad de Derecho de la Universidad Nacional de San Antonio Abad del Cuzco.</subfield>
    <subfield code="n">N&#xB0;4, 1965.</subfield>
    <subfield code="9">46702</subfield>
  </datafield>
  <datafield tag="505" ind1=" " ind2=" ">
    <subfield code="a">Contenido: Unificaci&#xF3;n de los sistemas de ex&#xE1;menes profesionales y grados acad&#xE9;micos, por facultad de Derecho del Cuzco. -- Bases de la nueva pedagog&#xED;a jur&#xED;dica nacional. Carlos Ferdinand Cuadros. -- Funci&#xF3;n y destino de la facultad de Derecho. Carlos Ferdinand Cuadros. -- Ex&#xE1;menes de abogado por pruebas practica y de tesis. Carlos Ferdinand Cuadros. -- Las facultades de derecho y la situaci&#xF3;n del abogado  reci&#xE9;n egresado. Octavio Linares. -- Extensi&#xF3;n cultural de las facultades de derecho. Octavio Linares A. -- Las facultades de derecho y las necesidades de la  sociedad peruana. Cesar A. Muniz R.  -- Experiencias obtenidas en la aplicaci&#xF3;n de los acuerdos de la primera convenci&#xF3;n sobre organizaci&#xF3;n y plan de estudios. Ernesto Valdivia P. -- Las facultades de derecho y la situaci&#xF3;n del abogado reci&#xE9;n egresado. Lino Casafranca G.-- Control y evaluaci&#xF3;n del aprendizaje. Cesar _A. Mu&#xF1;iz y Ernesto Valdivia P. -- Las facultades de derecho y las necesidades de la sociedad peruana. Octavio Linares y Lino Casafranca. -- Las facultades de derecho y la situaci&#xF3;n del abogado reci&#xE9;n egresado. Efra&#xED;n Araoz S. -- Secretarios judiciales. Efra&#xED;n Araoz C. -- La nueva pedagog&#xED;a jur&#xED;dica en la II Convenci&#xF3;n de Facultades de Derecho del Per&#xFA;. Carlos Ferdinand Cuadros. -- La segunda convenci&#xF3;n de facultades de Derecho del Per&#xFA;, informes de los catedr&#xE1;ticos. Cesar A. Mu&#xF1;iz, Octavio Linares, Ernesto Valdivia, Lino Casafranca y alumno Efra&#xED;n Araoz. -- Una antorcha de que se&#xF1;ala el camino de la justicia. Carlos Ferdinand Cuadros. -- Plan de reorganizaci&#xF3;n de secretaria. Carlos Ferdinand Cuadros</subfield>
  </datafield>
  <datafield tag="650" ind1=" " ind2=" ">
    <subfield code="a">Derecho del Per&#xFA;</subfield>
    <subfield code="9">46685</subfield>
  </datafield>
  <datafield tag="650" ind1=" " ind2=" ">
    <subfield code="a">Pedagogia juridica nacional</subfield>
    <subfield code="9">46703</subfield>
  </datafield>
  <datafield tag="650" ind1=" " ind2=" ">
    <subfield code="a">Pedagogia juridica</subfield>
    <subfield code="9">46704</subfield>
  </datafield>
  <datafield tag="650" ind1=" " ind2=" ">
    <subfield code="a">Facultades de derecho del Per&#xFA;</subfield>
    <subfield code="9">46705</subfield>
  </datafield>
  <datafield tag="650" ind1=" " ind2=" ">
    <subfield code="a">Facultad de Derecho del Cuzco</subfield>
    <subfield code="9">46697</subfield>
  </datafield>
  <datafield tag="700" ind1=" " ind2=" ">
    <subfield code="a">Linares,  Octavio</subfield>
    <subfield code="9">31654</subfield>
  </datafield>
  <datafield tag="700" ind1=" " ind2=" ">
    <subfield code="a">Valdivia Pezo, Ernesto</subfield>
    <subfield code="9">14881</subfield>
  </datafield>
  <datafield tag="700" ind1=" " ind2=" ">
    <subfield code="a">Casafranca Gamarra, Lino </subfield>
    <subfield code="9">46698</subfield>
  </datafield>
  <datafield tag="700" ind1=" " ind2=" ">
    <subfield code="a">Ferdinand Cuadros, Carlos</subfield>
    <subfield code="9">22810</subfield>
  </datafield>
  <datafield tag="700" ind1=" " ind2=" ">
    <subfield code="a">Mu&#xF1;iz, Cesar</subfield>
    <subfield code="9">45904</subfield>
  </datafield>
  <datafield tag="700" ind1=" " ind2=" ">
    <subfield code="a">Araoz, Efra&#xED;n</subfield>
    <subfield code="9">46706</subfield>
  </datafield>
  <datafield tag="942" ind1=" " ind2=" ">
    <subfield code="2">ddc</subfield>
    <subfield code="c">PP</subfield>
  </datafield>
  <datafield tag="945" ind1=" " ind2=" ">
    <subfield code="a">rac</subfield>
  </datafield>
  <datafield tag="952" ind1=" " ind2=" ">
    <subfield code="0">0</subfield>
    <subfield code="2">ddc</subfield>
    <subfield code="4">0</subfield>
    <subfield code="7">0</subfield>
    <subfield code="a">HEM</subfield>
    <subfield code="b">HEM</subfield>
    <subfield code="c">CART</subfield>
    <subfield code="d">2021-09-17</subfield>
    <subfield code="g">10.00</subfield>
    <subfield code="o">Rev.FD/N&#xB0;4/1965</subfield>
    <subfield code="p">REVC000411</subfield>
    <subfield code="r">2021-09-17</subfield>
    <subfield code="y">PP</subfield>
  </datafield>
</record>
